000 00702nam a2200157Ia 4500
008 231221s9999 xx 000 0 und d
020 _a978-3-642-39173-6
041 _aEnglish
100 _aVincent G. Duffy
245 0 _aDigital Human Modeling and Applications in Health, Safety, Ergonomics, and Risk Management. Healthcare and Safety of the Environment and Transport
260 _c2013
_bSpringer US
_aNew York
440 _aLecture Notes in Computer Science
650 _aComputer Science
650 _aUser Interfaces and Human Computer Interaction; Computer Applications; Simulation and Modeling; Computer Science, general; Computer Science, general; Computer Science, general
942 _cEB
999 _c225160
_d225160